书目信息 |
| 题名: |
杜甫秋兴八首集说
|
|
| 作者: | 叶嘉莹 著 | |
| 分册: | ||
| 出版信息: | 北京 北京大学出版社 2008.04 |
|
| 页数: | 10,414页 | |
| 开本: | 23cm | |
| 丛书名: | 迦陵著作集 | |
| 单 册: | ||
| 中图分类: | I207.227.423 | |
| 科图分类: | ||
| 主题词: | 杜诗--文学评论 , 杜诗 , 文学评论 | |
| 电子资源: | ||
| ISBN: | 978-7-301-13272-2 | |
| 000 | 00898oam2 2200289 450 | |
| 001 | 010300001331 | |
| 005 | 20091208160311.34 | |
| 010 | @a978-7-301-13272-2@dCNY46.00 | |
| 100 | @a20080522d2008 em y0chiy0110 ea | |
| 101 | 0 | @achi |
| 102 | @aCN@b110000 | |
| 105 | @ac z 000yy | |
| 106 | @ar | |
| 200 | 1 | @a杜甫秋兴八首集说@9du fu qiu xing ba shou ji shuo@f叶嘉莹著 |
| 210 | @a北京@c北京大学出版社@d2008.04 | |
| 215 | @a10,414页@c肖像@d23cm | |
| 225 | 2 | @a迦陵著作集 |
| 330 | @a本书以《秋兴八首》为例,展现杜甫诗歌之集大成的成就,作为现代诗人之借鉴。 | |
| 461 | 0 | @12001 @a迦陵著作集 |
| 510 | 1 | @aCollected commentaries on Dufu's eight "autumn meditation"@zeng |
| 606 | 0 | @a杜诗@x文学评论 |
| 606 | 0 | @a杜诗 |
| 606 | 0 | @a文学评论 |
| 690 | @aI207.227.423@v4 | |
| 701 | 0 | @a叶嘉莹@9ye jia ying@4著 |
| 801 | 0 | @aCN@bRENTIAN@c20091208 |
| 905 | @b20795027-29@dI207.227.423@e797@f3 | |
| 杜甫秋兴八首集说/叶嘉莹著.-北京:北京大学出版社,2008.04 |
| 10,414页:肖像;23cm.-(迦陵著作集) |
| ISBN 978-7-301-13272-2:CNY46.00 |
| 本书以《秋兴八首》为例,展现杜甫诗歌之集大成的成就,作为现代诗人之借鉴。 |
| ● |
| 相关链接 |
|
|
|
|
正题名:杜甫秋兴八首集说
索取号:I207.227.423/797
 
预约/预借
| 序号 | 登录号 | 条形码 | 馆藏地/架位号 | 状态 | 备注 |
| 1 | 795027 | 207950270 | 第一样本阅览室/ [索取号:I207.227.423/797] | 在馆 | |
| 2 | 795028 | 207950289 | 第二借阅区/ [索取号:I207.227.423/797] | 在馆 | |
| 3 | 795029 | 207950298 | 第二借阅区/ [索取号:I207.227.423/797] | 在馆 |